Quizzes
Events
Quiz Creation
Community
Videos
Private Events
Remove Ads
Sign In
Join for FREE
Feedback
Dark Mode
Quiz Categories
Sports
Geography
Music
Movies
Television
Just For Fun
Miscellaneous
History
Literature
Language
Science
Gaming
Entertainment
Religion
Holiday
For Kids
Quiz Lab
Recent
Popular Today
Quiz Kudos Today
Editor Picks
Curator Picks
Quizzes by...
Day
Popularity
Type
Ratings
Length
Year
Community
Subscriptions
Recent Discussions
Orange Saloon
Badges
Playlists
Quests
Create
Leaderboards
Showdown
Live 5
Trivia Bingo
Activity
Puzzle Library
Sporcle Events
Private Events
Virtual Trivia
Globe League
Become a Host
Pub Owners
SporcleCon
Opinionation
Our Games
Videos
Blog
Mobile Apps
Partnerships
Remove Ads and Go Orange
Feedback
Music
Pop Music
The Beatles
Song
Album
Lyrics
Bands
Singers
Artist
Clip
Rock
Rap
Classical
Billboard
Country Music
Kpop
Taylor Swift
Music
Pop Music
The Beatles
Song
Album
Lyrics
Bands
Singers
Artist
Clip
Rock
Rap
Classical
Billboard
Country Music
Kpop
Taylor Swift
Random Quiz
Search Sporcle
×
Quiz Lab
Quiz Lab
Music
Pop Music
Type in answers that appear in a list
Type in answers that appear in a list
Classic
Best Score? Go Orange.
The Weeknd Songs by Album Stats
Can you name every song by The Weeknd?
By
nicola93
10m
75 Questions
6,802 Plays
6,802 Plays
6,802 Plays
Comments
Comments
Give Quiz Kudos
Give Quiz Kudos
-
- Ratings
hide this ad
Replay
Link that replays current quiz
Next Quiz
Link to next quiz in quiz playlist
You Got
0%
They Got
Avg Score
63%
Avg Friend Score
Upgrade to see
Score Distribution
Jump to the score distribution portion of the page
Score
0/75
Timer
10:00
0
Plays Today
Answer
% Correct
Starboy
92.5%
House of Balloons / Glass Table Girls
86.8%
The Hills
83.5%
Call Out My Name
83.3%
Kiss Land
82.5%
Thursday
81.9%
Wicked Games
79.4%
Can't Feel My Face
77.5%
High for This
77.1%
Party Monster
75.6%
Echoes of Silence
75.3%
Reminder
73.2%
I Feel It Coming
72.8%
The Morning
72.5%
Often
72.3%
False Alarm
72%
Die for You
70.7%
Angel
70.1%
Try Me
69.5%
Sidewalks
69.2%
D.D.
68.6%
Privilege
68.6%
Wasted Times
68.4%
What You Need
68.3%
I Was Never There
67.3%
Stargirl Interlude
67.2%
Secrets
67.2%
Hurt You
67%
The Party & The After Party
66.2%
Earned It
66.2%
The Birds Part 2
65.8%
The Birds Part 1
65.8%
XO / The Host
65.7%
Wanderlust
65.4%
Professional
65.2%
Tell Your Friends
65%
Loft Music
65%
In the Night
64.9%
Answer
% Correct
Prisoner
64.7%
The Knowing
64.3%
Pretty
64.2%
Montreal
64%
Losers
63.8%
Real Life
63.1%
Tears in the Rain
62.9%
Dark Times
62.9%
Acquainted
62.7%
The Zone
62.5%
Six Feet Under
62.5%
The Town
62.1%
Rockin
61.1%
Adaptation
61%
Coming Down
60.4%
Shameless
59.9%
Live For
59.8%
True Colors
59%
Belong to the World
57.8%
Rolling Stone
57.5%
Love in the Sky
57.4%
All I Know
56.9%
Lonely Star
56%
Next
55.7%
As you Are
54.6%
Ordinary Life
54.1%
Initiation
54.1%
Gone
53.9%
Life of the Party
53.7%
The Fall
52.6%
Love to Lay
52.1%
Attention
51.7%
A Lonely Night
51.7%
Heaven or Las Vegas
51.5%
Outside
50.7%
Same Old Song
50.5%
Nothing Without You
50.5%
Quiz Playlist
Details
Report
Send in Message
Add To Playlist
Classic:
Type in answers that appear in a list
Last Updated: Nov 9, 2018
Quiz Scoreboard
CHALLENGE
Sign Up to Join the Scoreboard
Show All
Scores
Hide
Comments
May contain spoilers
Recently Published
Street Fighter Characters
by Artimus82
Gaming
60s
9x9 Crossword: Cartoon Network
by jackfrog10
Miscellaneous
3m
College Basketball Coaching Resumes
by pancakes188
Sports
9m
More to Explore
Quiz From the Vault
Featured Blog Post
Where Did the Easter Bunny Come From?
hide this ad
You Might Also Like...
Tags
Album Quiz
Pop Music Quiz
Hip-Hop
Mixtapes Albums
Music Releases
Notable Music
Studio Albums
The Weeknd
Today's Top Quizzes in Music
Browse Music
hide this ad
Today's Top Quizzes in Pop Music
Browse Pop Music
Top Contributed Quizzes in Music
1
Taylor Swift All Songs (2024)
2
Guess the Artist- 70s Songs
3
7-to-1: Billboard Hot 100 #1 Hits of 2010s
4
Taylor Swift Logic Puzzle
5
Sorting Albums and Songs
6
KPOP LOGIC QUIZ
7
Guess the Taylor Swift song (Mystery Song)
8
Guess The Taylor Swift Lyrics Song #1
9
Billboard Blitz: ABBA
10
Billboard Blitz: The Beatles
Explore More
Trending Topics
Disney
Crossword
NBA
Harry Potter
Anime
Marvel
Kpop
Country
The Office
Puzzle
NFL
WWE
Song
Pokémon
Soccer
hide this ad
More By:
nicola93
Quiz
Plays
Rating
Category
Featured
Created
The Weeknd Songs by Album
6,802
4.67
Music
Dec 7, 2016
'You're a Mean One, Mr. Grinch' by Tyler, The Creator
201
4.50
Holiday
Nov 15, 2018
Clicky-oke: By The Way
132
Music
Aug 2, 2017
Go to Creator's Profile
Score Distribution
Quiz Creator Spotlight
nicola93
Follow
Send a Message
Quizzes Created
-
Created Quiz Play Count
-
More By This Creator
Popular Quizzes Today
1
Find the US States - No Outlines Minefield
2
Find the Countries of Europe - No Outlines Minefield
3
The Countries of the World
4
Find the US States
5
Risky Map Clicking: Biggest States A-Z
6
US States
7
Popular People in 1961
8
Movies - When Are They Set?
More Music Quizzes
Solo Singer - TV Show - 2010s Song Matchup
Curator's Pick
Trending Quizzes
Risky Map Clicking: Least Populous States A-Z
1-10 Letter G Words
Risky Map Clicking: Next State Alphabetically
Adjectives in 80s TV Shows
The Seven Year Switch: Catherine
Recently Updated
Leaping Animals
pecheneg
Reality TV Shows (A-Z)
bhenderson79
Rickey Henderson's Hall of Fame Teammates
pecheneg
Champions League XIs: Arsenal
pecheneg
Quick Pick: Celebrities in WWE's Hall of Fame
aduchscher
A-Z Keypad Blitz II
pecheneg
Multiple Oscar Actors
pecheneg
Mystery Phrase Blitz: Oscar 'Best Actors'
pecheneg
F. Scott Fitzgerald Novels
LTH
Pick 3 Villains
ddd62291
Trending Topics
Disney
NBA
Marvel
Harry Potter
Kpop
Anime
Crossword
Country
Soccer
NFL
Song
Puzzle
Pokémon
The Office
WWE
Your Account Isn't Verified!
In order to create a playlist on Sporcle, you need to verify the email address you used during registration. Go to your
Sporcle Settings
to finish the process.
Report this User
Report this user for behavior that violates our
Community Guidelines
.
Details:
Send Report
Go to the Sporcle.com Mobile Site →
Comments